Statistics for Biggest city of every continent by Map

Click here to take the quiz!

General Stats

  • This quiz has been taken 106 times
  • The average score is 6 of 6

Answers on the Map

Answers color-coded by a green-red scale on the quiz's map according to % correct below.
 

Answer Stats

ContinentCityPopulation% Correct
AfricaCairo21,000,000
97%
North AmericaMexico City23,000,000
97%
EuropeMoscow17,300,000
93%
AustraliaSydney5,300,000
93%
South AmericaSao Paulo22,400,000
89%
AsiaGuangzhou46,700,000
84%

Score Distribution

Percentile by Number Answered

Percent of People with Each Score

Your Score History

You have not taken this quiz